[Event "NED-ch U13"]
[Site "Rijswijk"]
[Date "2006.05.25"]
[Round "2"]
[White "Beukema, Stefan"]
[Black "Michielsen, Sam"]
[Result "1-0"]
[WhiteElo "1714"]
[BlackElo "1532"]
[PlyCount "125"]
[EventDate "2006.05.25"]
[EventType "swiss"]
[EventRounds "9"]
[EventCountry "NED"]
[SourceTitle "EXT 2009"]
[Source "ChessBase"]
[SourceDate "2008.11.26"]
[SourceVersion "1"]
[SourceVersionDate "2008.11.26"]
[SourceQuality "1"]

1. e4 Nc6 2. d4 e6 3. Nf3 d6 4. Bb5 Nf6 5. Bg5 Be7 6. Nc3 0-0 7. 0-0 a6 8. Bxc6 bxc6 9. Qe2 Rb8 10. b3 h6 11. Bh4 Bb7 12. Rfd1 Qd7 13. Na4 Rfe8 14. c4 d5 15. e5 Ne4 16. Bxe7 Qxe7 17. c5 f6 18. Nh4 fxe5 19. Ng6 Qf6 20. Nxe5 Rbd8 21. Rd3 Rf8 22. Rf3 Qg5 23. Rxf8+ Rxf8 24. f3 Nf6 25. Re1 Re8 26. Kh1 Re7 27. Nb2 Nh5 28. Nbd3 Kh7 29. g3 a5 30. g4 Nf4 31. Nxf4 Qxf4 32. Qd3+ Kg8 33. Ng6 Qf6 34. Nxe7+ Qxe7 35. Qg6 Qf8 36. Qxe6+ Kh8 37. Qe8 Kg8 38. Qxf8+ Kxf8 39. Kg2 Kf7 40. Kg3 Kf6 41. Re8 Kf7 42. Rb8 Ba6 43. Ra8 Bb7 44. Rxa5 Kf6 45. Ra7 Bc8 46. Rxc7 Be6 47. Rxc6 Ke7 48. Rxe6+ Kxe6 49. a4 Kd7 50. b4 Kc7 51. b5 g5 52. a5 Kb7 53. h4 Kc7 54. a6 Kc8 55. b6 Kb8 56. c6 gxh4+ 57. Kxh4 Kc8 58. a7 Kd8 59. a8Q+ Ke7 60. b7 Ke6 61. b8Q Ke7 62. Qe5+ Kf7 63. Qae8# 1-0